000 00939nam a22003017a 4500
003 CHAP
005 20220329140006.0
008 971013s1975 r 00010 d
010 _a45168
011 _a46140
035 _a50280
040 _cCHAP
082 _a719.32
_bU5
110 _aUniversidad Nacional Autónoma de México. Instituto de Geografía
_9116548
245 _aParques nacionales
_b: conferencias
260 _aMéxico, D.F. :
_bLa Universidad,
_c1975
300 _apág. varía
490 _aSerie varía
590 _aBATCH-UPD
_b10
_c20130110
_lUCH01
_h2146
590 _aBATCH-UPD
_b10
_c20130410
_lUCH01
_h1454
590 _aBATCH-UPD
_b10
_c20130914
_lUCH01
_h1901
590 _aCONVERSION
_b10
_c20130109
_lUCH01
_h1325
650 1 4 _aParques nacionales
_xMéxico.
_985711
830 0 _aSerie varía
_9105081
901 _aBK
942 _cLIBRO
949 _a719.32 U5
_bBC
_cLIBRO
_d-113015
_eLIBRO
_h46199
_i50280
_mD
_si
999 _c45168
_d45168